| 000 | 00933nas a2200313 4500 | ||
|---|---|---|---|
| 001 | BR0600443 | ||
| 003 | BR-BrBNA | ||
| 005 | 20231205105827.0 | ||
| 007 | ta | ||
| 008 | 230509b bl.|||p| |||| 00| 00por d | ||
| 040 |
_aBR-BrBNA _bpor _cBiblioteca Nacional de Agricultura |
||
| 041 | _a(Pt) | ||
| 072 | _aL72; E50 | ||
| 100 | 1 | _aCamurça-Vasconcelos, A.L.F. | |
| 100 | 1 | _aMorais, S.M. | |
| 100 | 1 | _aSantos, L.F.L. | |
| 100 | 1 | _aRocha, M.F.G. | |
| 100 | 1 | _aBevilaqua, C.M.L. | |
| 245 | 1 | _aValidação de plantas medicinais com atividade anti-helmíntica | |
| 650 | _aRUMINANTE | ||
| 650 | _aANTI-HELMÍNTICO | ||
| 650 | _aPLANTA MEDICINAL | ||
| 650 | _aCULTURA IN VITRO | ||
| 650 | _aTOXIDEZ | ||
| 650 | _aBIOQUÍMICA | ||
| 773 | 0 |
_tRevista Brasileira de Plantas Medicinais (Brazil) _xISSN 1516-0572 _g(Jun 2005), v. 7(3) p. 97-106 _wBR0600443 |
|
| 909 |
_a202311 _bLúcia _c55 _dLúcia Elande |
||
| 942 |
_2AGRIS _n0 _cANA |
||
| 999 |
_c184876 _d184876 |
||